[Event "EU-chT (Men) 13th"]
[Site "Leon"]
[Date "2001.11.09"]
[Round "4.1"]
[White "Gelfand, Boris"]
[Black "Krasenkow, Michal"]
[Result "1-0"]
[WhiteElo "2701"]
[BlackElo "2592"]
[Annotator "Gelfand,B"]
[PlyCount "63"]
[EventDate "2001.11.06"]
[EventType "team-swiss"]
[EventRounds "9"]
[EventCountry "ESP"]
[SourceTitle "CBM 086"]
[Source "ChessBase"]
[SourceDate "2002.02.05"]
[SourceVersion "1"]
[SourceVersionDate "2002.02.05"]
[SourceQuality "1"]
[WhiteTeam "Israel"]
[BlackTeam "Poland"]
[WhiteTeamCountry "ISR"]
[BlackTeamCountry "POL"]

1. Nf3 {Ribli} c5 2. c4 Nc6 3. d4 {Ribli: 'Mit diesem Zug kann Weiß die
Variante 3.Nc3 e5 vermeiden.'} cxd4 4. Nxd4 Nf6 5. g3 g6 6. Bg2 Bg7 7. O-O O-O
8. Nc3 Ng4 {Ribli: 'Dieser - auf den ersten Blick sonderbare - Springerzug war
seinerzeit von Fischer in die Turnierpraxis eingeführt worden. Schwarz öffnet
damit die Diagonale des Bg7und beabsichtigt, mit Hilfe von Nh6 - f5 das Feld
d4 unter seine Kontrolle zu bringen.'} 9. e3 d6 {Ribli: 'Das ist eigentlich
ein Bauernopfer, denn Weiß kann entweder mit 10.Bxc6 bxc6 11.Nxc6 oder mit 10.
Nxc6 bxc6 11.Bxc6 einen Bauern gewinnen. Im ersten Fall bekommt Schwarz nach
11...Qd7 Kompensation für den Bauern, im zweiten Fall nach 11...Rb8.'} (9...
Nxd4 {Ribli} 10. exd4 Nh6 11. Bxh6 Bxh6 12. c5 d6 13. b4 $14) 10. b3 Nh6 {
'?!' Ribli. Ribli: 'Dieser Zug macht keinen besonders logischen Eindruck auf
mich. Nach 10...Nxd4 11.exd4 wäre dieser Springerzug besser gewesen, jetzt
aber kann Weiß - wie in unserer Partie - den Nd4 einfach wegziehen. '} 11. Nde2
Bg4 $146 (11... Qa5 12. Bd2 Nf5 13. Nd5 Qd8 14. Rc1 e6 15. Ndf4 Qc7 16. Bc3 Ne5
17. Qd2 Rb8 18. Rfd1 Rd8 19. e4 $16 {1/2-1/2 Weinstein,N-Cleghorn,P/Lone Pine
1976/MCD (36)}) 12. Bb2 Qd7 (12... Qa5 $142 $5 13. Rc1 $14) 13. Qd2 {Ribli:
'Weiß hat Raumvorteil und beide Läufer auf den großen Diagonalen. Zudem ist
das Feld d5 ein positionelles Loch in der schwarzen Stellung.'} Bh3 14. Nd5
Bxg2 15. Kxg2 f5 $2 {Ribli: 'Dieser Zug schwächt die schwarze Königsstellung,
aber Schwarz möchte mit e6 den Nd5vertreiben, doch ohne 15...f5 wäre das
aufgrund der Schwächung des Feldes f6 ganz schlecht (15...e6? 16.Nf6+ mit
großem weißen Vorteil).'} (15... Bxb2 16. Qxb2 b6 17. Rad1 $14 {xNh6}) (15...
Nf5 {Ribli} 16. Bxg7 Nxg7 17. Rad1 Ne6 $14) 16. Bxg7 Kxg7 17. Rad1 e6 {'?!'
Ribli. Ribli: 'Dieser Zug ist zwar in der Tat konsequent, aber er gefällt mir
nicht - der Pd6 wird nun zu einer ewigen positionellen Schwäche.'} (17... Ng4
18. Qb2+ $16) (17... Nf7 {Ribli}) 18. Qb2+ Kf7 (18... e5 $2 {Ribli} 19. f4 $16
{[%csl Rg7]}) 19. Ndc3 {Ribli: 'Jetzt stehen der Kf7 und der Nh6 aufgrund der
Schwächung des Pd6 weniger gut. Es droht 20.Nb5.'} (19. Nf6 $6 Qe7 20. Nxh7 Rh8
21. Rxd6 Rxh7 22. Rfd1 Rd8) 19... Rad8 {'?!' Ribli.} (19... Kg8 $5 {Ribli} 20.
Nb5 (20. Rd2 $14 {Ribli}) 20... Nf7 $14) 20. Nb5 $1 $16 Qe7 21. Qa3 {'!' Ribli.
Ribli: 'Da der Pd6 hängt, ist Schwarz zur Schwächung seiner Bauernstruktur
gezwungen.'} (21. Qd2 d5 22. e4 Ng4 $1 23. cxd5 exd5 24. exd5 Qe4+ $132) 21...
d5 22. cxd5 exd5 (22... Qxa3 23. dxe6+ Kxe6 24. Nxa3 $18) (22... Rxd5 23. Rxd5
Qxa3 24. Rxf5+ Nxf5 25. Nxa3 $18) 23. Qxe7+ Nxe7 (23... Kxe7 {Ribli} 24. Nf4
$16) 24. Nf4 $1 (24. Nxa7 Ra8 25. Nb5 Rxa2 $132) 24... g5 (24... a6 25. Nc7 Rd6
26. Ncxd5 $18) 25. Nd3 Nc6 (25... a6 {Ribli} 26. Nd4) 26. h4 $1 {'+/-!' Ribli.
Ribli: 'Ein sehr starker positioneller Zug - Weiß bekommt nun Initiative am
Königsflügel. Schwarz bleibt nichts anderes, als auch seine Bauernstruktur am
Königsflügel zu schwächen.'} gxh4 (26... g4 27. Nf4 $18) 27. Rh1 Ng4 28. Rxh4
Nf6 (28... a6 29. Nc7 (29. Nd4 Nxd4 30. exd4 $16) (29. Nc3 d4 30. exd4 Rxd4 31.
Rxh7+ Kg8 32. Rxb7 Rfd8 $132) 29... Nf6 30. Nb4 $16) 29. Nb4 $1 {Ribli:
'Dieser stille Zug stellt Schwarz vor große Probleme - es droht 30.Nxc6 bxc6
31.Nxa7 oder 31.Nd4.'} (29. Nd4 Nxd4 30. Rxd4 Rd6 $16) 29... d4 $2 (29... Nxb4
30. Rxb4 a5 31. Rf4 Kg6 32. Nd4 $16 Nh5 33. Rh4 Ng7 34. Ne2 {[%cal Re2f4,Rf4g6]
} Ne6 35. Rdh1 $18) (29... a6 {Ribli} 30. Nxc6 bxc6 31. Nd4 $18 {[%csl Rc6,Rf5]
}) 30. Nxc6 bxc6 31. Rhxd4 Rxd4 32. Nxd4 $18 {[%cal Rd4f5,Rd4c6]} 1-0

[Event "EU-Cup 10th final"]
[Site "Lyon"]
[Date "1994.11.19"]
[Round "2"]
[White "Shneider, Aleksandr"]
[Black "Kasparov, Garry"]
[Result "1-0"]
[WhiteElo "2535"]
[BlackElo "2805"]
[Annotator "Hansen,Cu"]
[PlyCount "77"]
[EventDate "1994.11.18"]
[EventType "team-k.o."]
[EventRounds "3"]
[EventCountry "FRA"]
[SourceTitle "EXT 2020"]
[Source "ChessBase"]
[SourceDate "2019.10.17"]
[SourceVersion "1"]
[SourceVersionDate "2019.10.17"]
[SourceQuality "1"]
[WhiteTeam "Alchevsk Garant-Donbass"]
[BlackTeam "Sarajevo Bosna"]
[WhiteTeamCountry "UKR"]
[BlackTeamCountry "BIH"]

1. d4 {Ribli} Nf6 2. c4 g6 3. Nf3 Bg7 4. g3 c5 5. Bg2 cxd4 6. Nxd4 O-O 7. O-O
Nc6 8. Nc3 Nxd4 9. Qxd4 d6 10. Qd3 a6 11. Bd2 Rb8 12. Rac1 (12. c5 $5) 12... b5
(12... Be6 13. b3 Nd7 (13... Qd7 14. a4 Rfc8 15. e4 Ng4 16. a5 Ne5 17. Qe3 Qd8
18. Nd5 Nc6 19. b4 Bd4 20. Qd3 Bg7 21. f4 b5 22. axb6 Bd4+ 23. Kh1 Bxb6 24. Bc3
a5 25. f5 Bxd5 26. fxg6 hxg6 27. exd5 axb4 28. Rxf7 Kxf7 29. Rf1+ Ke8 30. dxc6
Bf2 31. Qxg6+ {1-0 Bellavita,G-Jakob,S/Mendrisio op (07)/1989}) 14. e4 Nc5 15.
Qe2 {+=} Qd7 16. Nd5 b5 17. b4 Na4 18. cxb5 Bxd5 19. exd5 axb5 20. Rfe1 Rfe8
21. Rc6 Nb2 22. Bc1 Nc4 23. a4 Bc3 24. axb5 $5 Bxe1 25. Qxe1 Ne5 26. b6 $1 Nd3
(26... Nxc6 $2 27. dxc6 {+-}) 27. Qc3 Nxc1 28. Qxc1 Rb7 29. Qh6 Rc8 $2 (29...
Reb8 $5) 30. Bh3 $1 e6 31. b5 f5 32. dxe6 Qxe6 33. Rxc8+ Qxc8 34. Bg2 Rb8 35.
Bd5+ Kh8 36. Qe3 Qe8 37. Qxe8+ Rxe8 38. b7 {Wojtkiewicz,A-Dolgitser,K/New York
op (5) 1991/1-0 (51)}) (12... Bd7 13. c5 (13. Rfd1 Bc6 14. e4 Nd7 15. Qe2 (15.
b3 b5 16. Nd5 {[%eval 0,0] += Ree-Scholl Amsterdam 1970}) 15... b5 16. b3 bxc4
17. Qxc4 Bb7 18. Nd5 Rc8 $2 19. Qxc8 $1 {+- Ehlvest,J-De Firmian,N Manila izt
1990}) 13... Ne8 (13... Bf5 {1/2-1/2 Drasko,M-Ye Rongguang/Belgrade GMA-op 1988
}) (13... Bf5 14. e4 dxc5 15. Qxd8 Rbxd8 16. Be3 Be6 17. Bxc5 Rfe8 18. Rfd1 {
+/-}) 14. Bg5 h6 15. Be3 Be6 16. b4 $1 {+/- Ye Rongguang-Gelfand,B/Novi Sad ol/
1990/} (16. Rfd1 Qa5 $1 {+=})) (12... Nd7 13. b3 (13. e4 b5 14. cxb5 axb5 15.
b3 Nc5 16. Qe3 e6 17. Rfd1 b4 18. Ne2 Ba6 19. Be1 Qb6 20. Rc2 f5 21. exf5 exf5
22. Nf4 Rfe8 23. Qd2 Kh8 24. Nd5 Qd8 25. Nxb4 Re2 26. Qxe2 Bxe2 27. Rxe2 Qf8
28. Nd5 Re8 29. Rc2 g5 30. b4 Ne6 31. Bc3 f4 32. a4 Qf5 33. Bxg7+ Kxg7 34. Rcd2
f3 35. Bf1 h5 36. a5 h4 37. Ne3 Qe4 38. Rxd6 hxg3 39. hxg3 Qxb4 40. a6 Rf8 41.
a7 Qa5 42. Ra6 Qxa6 43. Bxa6 {1-0 Kasparov,G-Hamilton,R/Cannes sim (10) 1988})
13... Nc5 14. Qe3 (14. Qb1 b5 15. cxb5 axb5 16. Nd5 Bb7 17. Bg5 Bxd5 18. Bxd5
Qd7 19. b4 Ne6 20. Be3 Nd4 21. Qd3 Qf5 {= Uhlmann,W-Smejkal,J/Arandjelovac 21/
(72) 1976}) 14... b5 15. cxb5 (15. Nd5 Be6 16. Rfd1 (16. cxb5 $5 axb5 17. Rfd1)
16... Bxd5 17. cxd5 (17. Bxd5 b4 {=}) 17... b4 $1 18. Bh3 a5 19. Rc4 Rb5 20.
Rdc1 Qb8 21. Bg4 (21. Qxe7 Re8 22. Qg5 Rxe2 {~}) 21... Qa7 22. h4 Rfb8 23. h5
a4 24. h6 Bf8 (24... Bf6 $6 25. Rf4 {/\ Qf3,Rxf6}) 25. R4c2 Ra5 26. Rc4 Rab5
27. R4c2 Ra5 28. Rc4 Rab5 29. R4c2 {1/2-1/2 Georgiev,Ki-Gdanski,J/Budapest
zt-A (03) 1993}) 15... axb5 16. Nd5 e6 17. Nb4 {+= Webb-Browne New York 1973})
(12... Bf5 $142) 13. b3 (13. cxb5 axb5 14. Nxb5 Bf5 (14... Ba6 15. a4 Qb6 (
15... Nd7 16. b3 {+=}) 16. Bc3 {=}) 15. e4 (15. Qb3 Ne4 $1 (15... Nd7 16. a4 {
+/-}) (15... Be6 16. Qa4 $1 Bd7 17. Bc6 Qb6 18. Na7 $3 Ra8 19. Be3 Bxc6 20.
Nxc6 $1 Qb7 21. Qb3 {+/-}) 16. Be3 $6 (16. Bxe4 $142 Bxe4 17. a4 Qd7 18. Bc3
Bh6 {~= |^^^; Agapov,K}) 16... Qa5 $1 17. a4 Nd2 18. Bxd2 Qxd2 {=+ |^ =/+
Monin,N-Agapov,K/USSR 43/ (44) 1987}) 15... Nxe4 (15... Bd7 16. Nc3 $5 Rxb2 17.
Rb1 Rxb1 18. Rxb1 {+=}) 16. Bxe4 Bxe4 17. Qxe4 Rxb5 18. b4 d5 (18... Qa8 19.
Qxa8 $1 (19. Qc2 {Madl, Ro-Kurz,A/BL8990}) 19... Rxa8 20. a4 $1 Rbb8 21. a5 {
+/-}) (18... Qd7 $6 19. a4 Rh5 20. b5 {+/-}) 19. Qd3 Qd7 $6 (19... Rb7 $5 20.
Rc5 Rd7 {~}) 20. a4 Rbb8 21. b5 e5 22. Rc6 {+= Georgiev,Ki-Gufeld,E/Calcutta/
1992/}) (13. c5 $2 dxc5 14. Bf4 Bf5 {-+}) 13... Bf5 $6 (13... Bd7 {Ribli} 14.
Rc2 bxc4 15. Qxc4 Qb6 16. Rfc1 Rfc8 17. Qf4 Be6 18. Nd5 {+= Neckar,L-Danner,G/
Prague/1988/CBM08/}) (13... bxc4 $5 14. Qxc4 a5 $132 {/\Qb6}) 14. e4 Bd7 {
/\Ng4-e5} 15. h3 $5 {+=} bxc4 (15... b4 {Ribli} 16. Ne2 Bc6 17. Nd4 Ba8 18. Be3
{+=}) 16. Qxc4 Qa5 (16... a5 17. Be3 {+=}) (16... Qb6 $5 {Ribli}) (16... Qc8 $5
) 17. Qd3 {! Ribli} (17. Rfd1 Rfc8 {=}) 17... Qa3 (17... Rfc8 $2 18. Nd5 {+/-})
18. Rc2 $1 {/\Nb1 +-} Bb5 $8 (18... Rfc8 $2 {Ribli} 19. Nb1 $1 Bb5 20. Rxc8+
Rxc8 21. Qxb5 {+-}) 19. Nxb5 axb5 20. Rc7 {! Ribli} (20. Rfc1 {Ribli} Nd7 $1 {~
}) 20... e6 (20... Qxa2 $2 {Ribli} 21. Rxe7 {+/-}) 21. Be3 $1 {+/-} Rbc8 $6 (
21... Qxa2 $2 22. Ra7 Qb2 23. Bd4 {+-}) (21... Rfc8 $142) 22. Ra7 Qb4 23. Rd1 {
><Pb5, ><Pd6} Ne8 (23... Rfd8 24. Bb6 (24. a3 {Ribli} Qc3 25. Qxb5 Rb8 26. Rb7
Rxb7 27. Qxb7 {+-}) 24... Rd7 25. a3 Qc3 26. Ra8 $1 {+-}) 24. a3 Qc3 25. Qxb5 {
+-} Qb2 26. Qd3 $6 (26. b4 {+-}) (26. b4 {Ribli} Rc3 27. a4 Rb3 28. a5 Rxb4 29.
Qc6 {+/-}) 26... Rc3 27. Qb1 Qxb3 28. Qxb3 Rxb3 29. a4 {><Ne8} h5 (29... Ra3 {
Ribli} 30. a5 Be5 {+/-}) 30. a5 Ra3 31. a6 Be5 32. Bh6 Bg7 (32... Ng7 33. f4 {
+-}) 33. Bg5 {/\Be7 +-} Bf6 (33... f6 {Ribli} 34. Be3 {+-}) 34. Bxf6 Nxf6 35.
Rxd6 Ra1+ 36. Kh2 Ra2 37. e5 Nh7 (37... Nd5 {Ribli} 38. Bxd5 exd5 39. Kg2 {+-})
38. Rad7 Rxf2 39. Rd2 1-0

[Event "EU-Cup 18th"]
[Site "Kallithea"]
[Date "2002.09.26"]
[Round "5.2"]
[White "Horvath, Jozsef"]
[Black "Stanec, Nikolaus"]
[Result "0-1"]
[WhiteElo "2535"]
[BlackElo "2523"]
[Annotator "Hecht,H"]
[PlyCount "180"]
[EventDate "2002.09.22"]
[EventType "team-swiss"]
[EventRounds "7"]
[EventCountry "GRE"]
[SourceTitle "CBM 092"]
[Source "ChessBase"]
[SourceDate "2003.02.06"]
[SourceVersion "1"]
[SourceVersionDate "2003.02.06"]
[SourceQuality "1"]
[WhiteTeam "Klagenfurt"]
[BlackTeam "Graz Merkur"]
[WhiteTeamCountry "AUT"]
[BlackTeamCountry "AUT"]

1. Nf3 Nf6 2. c4 g6 3. Nc3 Bg7 4. d4 O-O 5. g3 c5 6. Bg2 cxd4 7. Nxd4 Nc6 8.
Nc2 Ng4 9. Bd2 d6 10. O-O Bd7 11. b3 a6 12. a4 Rb8 13. Rb1 Nf6 14. Qc1 Qb6 15.
Bg5 Rfe8 16. Rd1 Qa5 17. b4 Qe5 18. Rb3 Bf5 19. e4 Nxe4 20. Re1 Nxc3 21. Rxe5
Bxe5 22. Kh1 Ne2 23. Qd1 Bxc2 24. Qxc2 Ned4 25. Qd3 Nxb3 26. Qxb3 Bg7 27. h4
Kf8 28. Bh3 a5 29. b5 Nd4 30. Qe3 e6 31. Qa3 Kg8 32. Qxd6 b6 33. Bg2 h6 34. Bf4
e5 35. Be3 Nf5 36. Qc7 Nxe3 37. fxe3 e4 38. Bxe4 Be5 39. Qd7 Rbd8 40. Qa7 Rd1+
41. Kh2 Re6 42. c5 Rd2+ 43. Kh3 Re2 44. cxb6 Rxe3 45. Bf3 Kg7 46. Kg2 Rf6 47.
b7 Rexf3 48. b8=Q Rxg3+ 49. Kh2 Bxb8 50. Qxb8 {[#] Schwarz besitzt zu den
beiden Türmen extra Bauernmaterial und kann durch gutes Turmzusammenspiel den
Gewinn erzielen} Rg4 51. h5 (51. b6 Rxh4+ 52. Kg3 Rxa4 53. b7 Rb4 $19) 51...
Rh4+ 52. Kg3 Rxa4 (52... Rxh5 53. b6 Rg5+ 54. Kh3 Rf3+ 55. Kh2 Rf2+ 56. Kh3
Rgf5 57. Qc7 R5f3+ 58. Kh4 Rg2 $19 {Mattangriff}) 53. hxg6 Rxg6+ 54. Kf3 Rb4
55. Qe5+ Rf6+ 56. Ke2 a4 57. Qg3+ Kh7 58. Qd3+ Kg8 59. Qd8+ Kg7 60. Qa5 Rb2+
61. Ke3 Rb3+ 62. Ke4 a3 63. Qa4 Rg3 64. Qa7 Rg4+ 65. Ke3 Rb4 66. Qxa3 Rxb5 67.
Qa1 {Schwarz gewinnt systematisch mit überzeugender Technik.} Rg5 68. Ke4 h5
69. Qc3 Rg4+ 70. Ke5 Rff4 71. Kd5+ Kg6 72. Qh8 Rg5+ 73. Kd6 h4 74. Ke7 Rgf5 75.
Kf8 Kg5 76. Qg8+ Kh5 77. Qg2 Rf3 78. Qe2 h3 79. Kg7 Kh4 80. Qe1+ Rf2 81. Qe4+
R5f4 82. Qh7+ Kg3 83. Qd3+ Kg2 84. Qd5+ R4f3 85. Kh6 f5 86. Qg8+ Kh1 87. Kh5 f4
88. Kh4 h2 89. Qg4 Rg3 90. Qd1+ Kg2 0-1

[Event "St Martin op"]
[Site "St Martin"]
[Date "1993.??.??"]
[Round "3"]
[White "Wojtkiewicz, Aleksander"]
[Black "Schmittdiel, Eckhard"]
[Result "1-0"]
[WhiteElo "2580"]
[BlackElo "2450"]
[Annotator "Konikowski,J"]
[PlyCount "59"]
[EventDate "1993.05.??"]
[EventType "swiss"]
[EventRounds "9"]
[EventCountry "FRA"]
[SourceTitle "CBM 037"]
[Source "ChessBase"]
[SourceDate "1993.12.01"]
[SourceVersion "1"]
[SourceVersionDate "1993.12.01"]
[SourceQuality "1"]

1. Nf3 Nf6 2. c4 g6 3. g3 Bg7 4. Bg2 O-O 5. d4 c5 6. Nc3 Nc6 7. O-O cxd4 8.
Nxd4 Ng4 9. e3 Nge5 (9... d6 10. Nde2 Qa5 11. Nd5 Bd7 12. Bd2 Qd8 13. Bc3 Bxc3
14. Nexc3 Nge5 15. b3 Bg4 16. f3 Be6 17. f4 Nd7 18. Qd2 $16 {
Wojtkiewicz-Adorjan/Budapest/1993/}) 10. b3 d6 11. Nde2 Bg4 12. f3 Be6 13. f4
Nd7 14. Bb2 Nc5 $2 (14... Qb6 $5 15. Qd2 Nf6 16. Nd4 Bd7 17. Rac1 Rac8 $14) (
14... Qa5 $5) 15. Qd2 Qd7 16. Nd5 Bxb2 17. Qxb2 Bh3 18. Bxh3 Qxh3 19. b4 Na4
20. Qb3 Nb6 21. Nxb6 axb6 22. Nc3 $16 Qd7 23. Rad1 Na7 24. Nd5 Nc8 25. e4 Qa4
26. Qc3 $1 Qc6 (26... Qxa2 $4 27. Ra1 $18) 27. f5 Rxa2 28. f6 $1 e5 29. Qe3 Kh8
30. Ne7 (30. Ne7 Nxe7 31. fxe7 Rg8 32. Qg5 $1 Kg7 (32... Raa8 33. Rxf7 $18) 33.
Qf6+ Kh6 34. Qh4+ Kg7 35. Rxf7+ $1 Kxf7 36. Qxh7+ Rg7 (36... Ke6 37. Qxg8+ Kxe7
38. Rf1 Qe8 39. Qg7+ Kd8 40. Rf8 $18) 37. Rf1+ Ke6 38. Qxg7 Qe8 39. Rf8 Ra1+
40. Kg2 Ra2+ 41. Kh3 Qxe7 42. Qxg6+ Kd7 43. Qf5+ $18) 1-0